Ulat bulu yang gemuk

Bibliographic Details
Format: Book
Published: JB : Penerbit Pelangi Sdn. Bhd , 2006
Series:Peti emas
Subjects:

MARC

LEADER 00000cam a2200000 7i4500
001 0000033389
005 20220105104107.0
008 120914
020 |a 9830017222 
090 0 0 |a JP   |b MAL 
245 0 0 |a Ulat bulu yang gemuk 
260 |a JB :   |b Penerbit Pelangi Sdn. Bhd ,   |c 2006 
440 |a Peti emas 
500 |a Children age 4-6 years old (yellow) 
650 0 |a Short stories, Malay 
999 |a 0001157415   |b Book   |c Children Collection   |e Perbadanan Perpustakaan Awam Johor